Dubnica nad Váhom

Zobrazenie: pohľad na ulicu s radovými domami, v popredí sprava cyklistka

Bibliographic Details
Format: Postcard
Language:Slovak
PhysicalDescription:1 pohľadnica čiernobiela 9 x 14 cm
Published: Bratislava Tvar 1956
Subjects:

MARC

LEADER 00000nkm a2200000 a 4500
001 vtls011585947
003 SK-MaSNL
005 20260512125736.0
007 kp bo
008 231214s1956 xo g kuslo
015 |a SNBG 
035 |a urn:nbn:sk:snk-km00copp 
035 |a urn:nbn:sk:snk-km3lq2z 
035 |a D6423366-2EEC-49D4-82E0-B66AE40926D4 
040 |a SNK  |b slo  |c SNK  |e AACR2 
041 0 |a slo 
043 |a e-xo--- 
044 |a xo  |c SK 
080 |a (437.6)  |2 2011 
080 |a 711.435  |2 2011 
080 |a (084.121)  |2 2011 
080 |a 913(437.6)  |2 2011 
245 0 0 |a Dubnica nad Váhom  |h grafika 
260 |a Bratislava  |b Tvar  |c 1956 
300 |a 1 pohľadnica  |b čiernobiela  |c 9 x 14 cm 
520 8 |a Zobrazenie: pohľad na ulicu s radovými domami, v popredí sprava cyklistka 
651 7 |a Dubnica nad Váhom (Slovensko)  |2 SNKPH  |9 58303 
655 7 |a miestne pohľadnice  |2 SNKPH  |9 70510 
852 |a Slovenská národná knižnica 
958 |a GC 
958 |a GBN 
958 |a OND 
999 |c 1104744  |d 1106674 
952 |a SNK  |b SNK  |y PREZ  |7 0  |p 17A1214447  |o snkSP 6548  |0 0  |1 0  |4 0  |d 2016-10-12  |f 1  |l 0  |r 2026-02-24 17:42:20  |w 2026-02-24